| 000 | 00460nam a2200181Ia 4500 | ||
|---|---|---|---|
| 008 | 230711s9999||||xx |||||||||||||| ||und|| | ||
| 020 | _a978-81-265-4574-2 | ||
| 041 | _aENG | ||
| 082 |
_a664.5 _bTA-F |
||
| 100 | _aTaylor, Andrew J | ||
| 245 | 0 | _aFood Flavour Technology | |
| 250 | _a2nd Ed. | ||
| 260 |
_c2010 _aNew Delhi _bWiley India Pvt.Ltd |
||
| 300 | _a360p. | ||
| 650 | _aFood Science and Technology | ||
| 700 | _aLinforth, Robert S.T | ||
| 942 | _cBK | ||
| 999 |
_c7436 _d7436 |
||